1189 1657 1117 1990 1740 1732 1449 1556 1506 1378 1426 1276 1987 1710 1484 1247 1398 1938 1234 1366 1886 1626 1929 1712 1781 1355 1671 1948 1695 1626 1838 1852 1778 1751 1716 1987 1215 1936 1794 1579 1739 1782 1566 1067 1387 1439 1567 1461 1078 1356 1328 1396 1955 1687 1980 1322 1200 1127 1833 1026 1889 1445 1757 1801 1118 1630 1499 1990 1357 1201 1942 1054 1628 1908 1377 1682 1400 1723 1033 1992 1680 1598 1647 1633 1262 1340 1358 1345 1577 1448 1187 1220 1256 1744 1466 1442 1357 1324 1626 BCNSPRNW ULIB Ver.6.0+V

เปลี่ยนเป็นภาษาไทย

Change to English
 แสดงรายละเอียดบรรณานุกรม
  กลับหน้าหลัก

Brief Record : Get Marc (ISO 2709) : E-mail record : QR code < ปิดหน้าต่าง
LEADER : 00000nam 2200000uu 4500
001    13399126173
003     ULIB
008    020711s2560 th a 000 0 tha d
060    วจ^aWY157^bศ722ผ
100    ^aศุภวดี แถวเพีย, ฉวีวรรณ ดียิ่ง, รัชนี พจนา, ฉายวสันต์ คุณอุดม และพัชราภรณ์ เจียระนัยะนะกิจ
245    ^aผลของอายุมารดาต่อการเกิดภาวะแทรกซ้อนขณะตั้งครรภ์ คลอด และหลังคลอด ในมารดาที่คลอด ณ โรงพยาบาลขอนแก่น : Impact of Maternal Age on Obstetric Outcome during Pregnancy, Intrapartum, and Postpartum Period at Khon Kaen Hospital
260    ^aขอนแก่น :^bโรงพยาบาลขอนแก่น,^c2560
300    ^a50 หน้า;^b30 ซม.
650    ^aตั้งครรภ์-ภาวะแทรกซ้อน
710    ^aโรงพยาบาลขอนแก่น
945    ^p0^l0^i004286
999    ^aประนอม เกษจรัล
รายการนี้ยังไม่มีแท็ก
คุณยังไม่ได้ล็อกอิน คุณสามารถมีกิจกรรมร่วมกับเว็บไซต์ได้ แต่ต้องล็อกอินก่อน ::
  ล็อกอิน

รายการสื่อสารสนเทศ

ลำดับที่ ประเภท เลขเรียก/บาร์โค้ด สถานที่ สถานะ
1. งานวิจัย
งานวิจัย
วจ WY157 ศ722ผ ฉ.1 
  Barcode: 004286
ห้องสมุดวิทยาเขตสวรรค์ประชารักษ์
►หนังสือทั่วไป
บนชั้น

BibComment


ยังไม่เคยถูกคอมเมนท์

คอมเมนท์ทรัพยากรรายการนี้
  คอมเมนท์: ผลของอายุมารดาต่..


 Copyright 2026. Bcnsprnw @Library